Manchester United Players By Market Value (2023/24 Season) - Statistics

General Stats
  • This quiz has been taken 323 times
    145 since last reset
  • The average score is 8 of 23
Answer Stats
Market Value Player % Correct
€80.00m Marcus Rashford
97%
€75.00m Bruno Fernandes
84%
€60.00m Antony/Mason Mount
62%
€45.00m Jadon Sancho/Rasmus Højlund
54%
€40.00m Diogo Dalot/Casemiro
52%
€50.00m Lisandro Martínez
51%
€42.00m Luke Shaw
50%
€35.00m Raphaël Varane/André Onana
48%
€25.00m Scott McTominay/Alejandro Garnacho/Aaron Wan-Bissaka
45%
€20.00m Harry Maguire
42%
€18.00m Amad Diallo/Victor Lindelöf
32%
€22.00m Tyrell Malacia/Christian Eriksen
31%
€800k Kobbie Mainoo
22%
€15.00m Anthony Martial
21%
€2.00m Johnny Evans
21%
€30.00m Sofyan Amrabat
21%
€500k Tom Heaton
16%
€11.00m Altay Bayindir
12%
€8.00m Hannibal Mejbri
12%
€13.00m Donny van de Beek
11%
€6.00m Facundo Pellistri
11%
€10.00m Sergio Reguilón
11%
€4.00m Shola Shoretire
5%
No matching quizzes found
Score Distribution
Percent of People with Each Score
Percentile by Number Answered
Your Score History
You have not taken this quiz since the last reset